000 00431nam a22001817a 4500
003 MPLRDC
005 20220104172456.0
008 210129b ||||| |||| 00| 0 eng d
082 _a524.9 ETH v.11
100 _aA. R. B. ETHERTON
245 _aCOMMERCIAL STUDIES
_c
250 _a初版
260 _a
_bPRESTON
_c
300 _b
490 _aTHE STUDENS' EDUCATOR
650 _a自修用书
942 _cBK
_o524.9 ETH v.11
999 _c58962
_d58952